000 00667cab a2200229 4500
001 WB3014-34
008 090401t1994 xxu||||| |||| 00| 0 eng d
035 _a(Sirsi) u24098
041 _aeng
245 _aNumber of empty homes
260 _c1994
350 _a0
490 _aGuardian
_v12 April 1994, 8(1)
520 _aThe number of empty homes in England has risen by 30% in 10 years to reach an all-time high of 864,000 according to local authority returns reaching the DoE.
650 _aEMPTY HOMES AGENCY
650 _aEMPTY HOUSES
650 _aHOMELESSNESS
650 _aSTATISTICS
690 _aHOUSING
942 _n0
948 _c04/03/1997
999 _c16141
_d16141